000
00321nam a22001337a 4500
008
170526b xxu||||| |||| 00| 0 eng d
020
_a
9780830638017
041
_a
eng
080
_a
621.3
100
_a
27
101
_a
IM
245
_a
SOUND LIGHTS AND MUSIC FOR PROJECTS FOR THE ML 3909
_c
HORN, D.T
942
_2
udc
_c
BK
999
_c
14548
_d
14548